[Event "DEM U14w 2009"]
[Site "Willingen GER"]
[Date "2009.06.05"]
[Round "8"]
[White "Ludwig, Maria"]
[Black "Spangenberg, Romy"]
[Result "0-1"]
[Termination "normal"]
[Board "12"]
[WhiteElo "887"]
[BlackElo "1453"]
[PlyCount "38"]
[WhiteFideId "24655791"]
[BlackFideId "4627997"]
[EventCountry "GER"]
[EventRounds "9"]
[EventType "swiss"]
[EventDate "2009.05.30"]

1. f4 Nc6 2. Nf3 d5 3. b3 Bg4 4. e3 e5 5. fxe5 Nxe5 6. Be2 Nxf3+ 7. Bxf3 Qh4+
8. g3 Qf6 9. Bb2 Qxf3 10. Qxf3 Bxf3 11. Rf1 Be4 12. d3 Bg6 13. Nd2 f6 14. O-O-O
O-O-O 15. h4 Bc5 16. d4 Bb4 17. c3 Ba5 18. Ba3 Bxc3 19. Nf3 Re8 0-1

[Event "DEM U14w 2009"]
[Site "Willingen GER"]
[Date "2009.06.05"]
[Round "8"]
[White "Schünemann, Anne"]
[Black "Röhlich, Anna"]
[Result "0-1"]
[Termination "normal"]
[Board "13"]
[WhiteElo "1102"]
[BlackElo "1175"]
[PlyCount "98"]
[EventCountry "GER"]
[EventRounds "9"]
[EventType "swiss"]
[EventDate "2009.05.30"]

1. e4 c5 2. Nf3 Nc6 3. d4 cxd4 4. Nxd4 g6 5. Nc3 Bg7 6. Be3 Nf6 7. Bc4 O-O 8.
Bb3 a6 9. f3 b5 10. Qd2 Bb7 11. a3 d6 12. Nxc6 Bxc6 13. O-O-O Qc7 14. Bh6 a5
15. Bxg7 Kxg7 16. Nd5 Bxd5 17. Bxd5 Rac8 18. Kb1 b4 19. a4 h5 20. h3 Qc5 21.
Rc1 Rh8 22. g4 Qb6 23. gxh5 Rxh5 24. f4 Nxd5 25. exd5 Qc5 26. c3 Qxd5 27. Qxd5
Rxd5 28. cxb4 Rxc1+ 29. Rxc1 Rd4 30. bxa5 Rxa4 31. Rc7 Rxa5 32. Rxe7 Rf5 33.
Rd7 d5 34. Kc2 Kf6 35. b4 Ke6 36. Ra7 Rxf4 37. b5 Kd6 38. Kb3 Kc5 39. Ra4 Rxa4
40. Kxa4 Kb6 41. Kb4 f5 42. Kc3 f4 43. Kd3 Kxb5 44. Ke2 Kc5 45. Kd2 g5 46. Kc2
d4 47. Kd2 f3 48. Ke1 d3 49. Kf2 d2 0-1

[Event "DEM U14w 2009"]
[Site "Willingen GER"]
[Date "2009.06.06"]
[Round "9"]
[White "Pohl, Theresa"]
[Black "Düssler, Stefanie"]
[Result "1-0"]
[Termination "normal"]
[Board "1"]
[WhiteElo "1700"]
[BlackElo "1681"]
[PlyCount "59"]
[BlackFideId "4634780"]
[EventCountry "GER"]
[EventRounds "9"]
[EventType "swiss"]
[EventDate "2009.05.30"]

1. d4 Nf6 2. c4 g6 3. Nc3 Bg7 4. e4 d6 5. f4 O-O 6. Nf3 Na6 7. Bd3 e5 8. fxe5
dxe5 9. d5 Qe7 10. O-O Nc5 11. Bc2 a5 12. Rb1 Na6 13. Kh1 Bd7 14. a3 Rfe8 15.
Bd2 Bf8 16. Qe2 c5 17. Na2 b6 18. Bc3 Qd6 19. h3 Bg7 20. Qf2 Re7 21. b4 axb4
22. axb4 Ne8 23. b5 Nb8 24. Nc1 Qc7 25. Nd3 f6 26. Rbd1 Nd6 27. Ndxe5 Nxe4 28.
Bxe4 Rxe5 29. Nxe5 fxe5 30. d6 1-0

[Event "DEM U14w 2009"]
[Site "Willingen GER"]
[Date "2009.06.06"]
[Round "9"]
[White "Schätz, Bianca"]
[Black "Marx, Inga"]
[Result "1/2-1/2"]
[Termination "normal"]
[Board "2"]
[WhiteElo "1458"]
[BlackElo "1460"]
[PlyCount "85"]
[WhiteFideId "24655821"]
[BlackFideId "4654749"]
[EventCountry "GER"]
[EventRounds "9"]
[EventType "swiss"]
[EventDate "2009.05.30"]

1. d4 d5 2. Nf3 Nf6 3. e3 c5 4. b3 cxd4 5. exd4 Bf5 6. Nh4 Bg6 7. Nxg6 hxg6 8.
g3 e6 9. Bb2 Nc6 10. Bg2 Bd6 11. O-O Qb6 12. c3 O-O 13. Nd2 Rfc8 14. Qe2 a6 15.
Kh1 Qa7 16. Rfe1 b5 17. b4 Nd7 18. a3 Nb6 19. Rac1 Ne7 20. Qd1 Nc4 21. Nxc4
Rxc4 22. Ra1 Qb7 23. Qb3 Rcc8 24. Qd1 Nc6 25. Qd3 Nb8 26. Qd2 Nd7 27. f4 Qc7
28. Rec1 Nb6 29. Rab1 Nc4 30. Qe1 Rab8 31. Bf1 Qd7 32. Bxc4 Rxc4 33. Ra1 Qb7
34. Kg1 Re8 35. Qd2 Qa7 36. Kg2 Qd7 37. Re1 Qd8 38. Re3 g5 39. fxg5 Qxg5 40.
Re2 Qf6 41. Rf2 Qg6 42. Qc2 Qxc2 43. Rxc2 1/2-1/2

[Event "DEM U14w 2009"]
[Site "Willingen GER"]
[Date "2009.06.06"]
[Round "9"]
[White "Kühnel, Lena"]
[Black "Tran, My Linh"]
[Result "1-0"]
[Termination "normal"]
[Board "3"]
[WhiteElo "1728"]
[BlackElo "1813"]
[PlyCount "63"]
[WhiteFideId "24640956"]
[BlackFideId "24682462"]
[EventCountry "GER"]
[EventRounds "9"]
[EventType "swiss"]
[EventDate "2009.05.30"]

1. e4 e5 2. Nf3 d6 3. d4 exd4 4. Nxd4 Nf6 5. Nc3 Be7 6. Bd3 c6 7. O-O O-O 8.
Kh1 Nbd7 9. f4 Re8 10. Qf3 Bf8 11. Bd2 Nc5 12. Rae1 Qc7 13. e5 Nfd7 14. exd6
Qd8 15. Rxe8 Qxe8 16. Re1 Qd8 17. Nf5 Nf6 18. Ne7+ Kh8 19. b4 Nxd3 20. Qxd3 Ne8
21. Nxc8 Nxd6 22. Nxd6 Bxd6 23. Ne4 Bc7 24. Nc5 g6 25. Qxd8+ Rxd8 26. Nxb7 Rc8
27. Re7 Kg8 28. Rd7 Kf8 29. Nd6 Bxd6 30. Rxd6 Ke7 31. Rd3 Rc7 32. Kg1 1-0

[Event "DEM U14w 2009"]
[Site "Willingen GER"]
[Date "2009.06.06"]
[Round "9"]
[White "Gamisch, Laura"]
[Black "Rethmann, Kristin"]
[Result "1-0"]
[Termination "normal"]
[Board "4"]
[WhiteElo "1744"]
[BlackElo "1748"]
[PlyCount "57"]
[WhiteFideId "24615161"]
[BlackFideId "24655805"]
[EventCountry "GER"]
[EventRounds "9"]
[EventType "swiss"]
[EventDate "2009.05.30"]

1. e4 c6 2. d4 d5 3. exd5 cxd5 4. Bd3 Nc6 5. c3 Nf6 6. Bf4 Bg4 7. Qb3 Qd7 8.
Nd2 e6 9. Ngf3 Bxf3 10. Nxf3 Na5 11. Qc2 Bd6 12. Bxd6 Qxd6 13. O-O O-O 14. Ne5
a6 15. f4 h6 16. g4 Nd7 17. Qf2 Nxe5 18. dxe5 Qd8 19. h4 g6 20. Kh2 b5 21. Kh3
Nc4 22. b3 Na5 23. f5 Nc6 24. Qe3 Kg7 25. f6+ Kh7 26. Qe2 Qe8 27. g5 h5 28.
Qxh5+ Kg8 29. Qh6 1-0

[Event "DEM U14w 2009"]
[Site "Willingen GER"]
[Date "2009.06.06"]
[Round "9"]
[White "Schmitt, Katrin"]
[Black "Schäfer, Daniela"]
[Result "1/2-1/2"]
[Termination "normal"]
[Board "5"]
[WhiteElo "1606"]
[BlackElo "1905"]
[PlyCount "78"]
[WhiteFideId "24654400"]
[BlackFideId "4624769"]
[EventCountry "GER"]
[EventRounds "9"]
[EventType "swiss"]
[EventDate "2009.05.30"]

1. e4 d6 2. d4 g6 3. Nc3 Bg7 4. Be3 Nf6 5. f3 c6 6. Qd2 b5 7. g4 Bb7 8. Nge2 b4
9. Nd1 a5 10. Nf2 Na6 11. Ng3 Qc7 12. h4 h5 13. g5 Nd7 14. c3 bxc3 15. bxc3 e5
16. Rb1 O-O 17. Be2 Rfb8 18. O-O Bc8 19. f4 exd4 20. Bxd4 Rxb1 21. Rxb1 Rb8 22.
Rxb8 Qxb8 23. Bxg7 Kxg7 24. Qd4+ Kg8 25. Bc4 Nac5 26. Kg2 Ne6 27. Qd2 d5 28.
exd5 cxd5 29. Bxd5 Nxf4+ 30. Kh2 Nxd5 31. Qxd5 Qf4 32. Qd4 Qxd4 33. cxd4 f5 34.
gxf6 Nxf6 35. Nd3 Be6 36. a4 Nd7 37. Ne4 Bd5 38. Nc3 Bc6 39. Kg3 Kf7 1/2-1/2

[Event "DEM U14w 2009"]
[Site "Willingen GER"]
[Date "2009.06.06"]
[Round "9"]
[White "Schmalhorst, Sophia"]
[Black "Berger, Nadja"]
[Result "1/2-1/2"]
[Termination "normal"]
[Board "6"]
[WhiteElo "1843"]
[BlackElo "1598"]
[PlyCount "60"]
[WhiteFideId "24682497"]
[BlackFideId "24692212"]
[EventCountry "GER"]
[EventRounds "9"]
[EventType "swiss"]
[EventDate "2009.05.30"]

1. e4 e5 2. Nf3 Qe7 3. Nc3 c6 4. d3 g6 5. Be2 Bg7 6. O-O Nf6 7. Re1 d6 8. d4
Nbd7 9. Bc4 O-O 10. Bb3 h6 11. h3 Re8 12. dxe5 dxe5 13. Qe2 Nf8 14. Be3 g5 15.
Rad1 Ng6 16. Qd2 Bf8 17. a3 Be6 18. Bxe6 Qxe6 19. Nh2 Rad8 20. Qe2 a6 21. Ng4
Nf4 22. Nxf6+ Qxf6 23. Bxf4 Qxf4 24. Qg4 Qxg4 25. hxg4 Bc5 26. Kf1 Bd4 27. Ke2
Kg7 28. Rd3 Ba7 29. Red1 Rd4 30. f3 Rh8 1/2-1/2

[Event "DEM U14w 2009"]
[Site "Willingen GER"]
[Date "2009.06.06"]
[Round "9"]
[White "Kostré, Margarita"]
[Black "Polert, Annika"]
[Result "0-1"]
[Termination "normal"]
[Board "7"]
[WhiteElo "1747"]
[BlackElo "1487"]
[PlyCount "96"]
[WhiteFideId "4673344"]
[BlackFideId "24692328"]
[EventCountry "GER"]
[EventRounds "9"]
[EventType "swiss"]
[EventDate "2009.05.30"]

1. e4 d6 2. d4 Nf6 3. Nc3 g6 4. Be3 Bg7 5. f3 O-O 6. Qd2 Re8 7. O-O-O c6 8. Bh6
Bh8 9. h4 b5 10. g4 a5 11. h5 a4 12. Nh3 b4 13. Ne2 b3 14. a3 bxc2 15. Qxc2 Be6
16. Rd2 Bb3 17. Qd3 Qa5 18. hxg6 hxg6 19. e5 dxe5 20. dxe5 Qc5+ 21. Nc3 Nd5 22.
e6 Nxc3 23. exf7+ Bxf7 24. Rc2 Na6 25. Be3 Red8 26. Bxc5 Rxd3 27. Bxd3 Nxc5 28.
bxc3 Nxd3+ 29. Kd2 Rd8 30. Ke3 Ne5 31. Ng5 Bb3 32. Rch2 Bf6 33. Ne4 Rd3+ 34.
Ke2 Rxf3 35. Nxf6+ Rxf6 36. Rh8+ Kf7 37. R1h7+ Ke6 38. g5 Rf7 39. Rxf7 Nxf7 40.
Rc8 Kd6 41. Rg8 Ne5 42. Rd8+ Kc7 43. Rd4 Nc4 44. Re4 Kd6 45. Rd4+ Kc5 46. Rd7
Nxa3 47. Rxe7 Nc2 48. Rg7 a3 0-1

[Event "DEM U14w 2009"]
[Site "Willingen GER"]
[Date "2009.06.06"]
[Round "9"]
[White "Lehmann, Patricia"]
[Black "Kuckling, Hannah"]
[Result "0-1"]
[Termination "normal"]
[Board "8"]
[WhiteElo "1378"]
[BlackElo "1525"]
[PlyCount "112"]
[WhiteFideId "12900060"]
[BlackFideId "24603660"]
[EventCountry "GER"]
[EventRounds "9"]
[EventType "swiss"]
[EventDate "2009.05.30"]

1. d4 f5 2. c4 Nf6 3. Nc3 g6 4. Nf3 Bg7 5. e3 O-O 6. Bd3 d6 7. O-O Nc6 8. Re1
e5 9. dxe5 dxe5 10. e4 f4 11. Bc2 Qe7 12. b3 Rd8 13. Qe2 Bg4 14. Bd1 Nd4 15.
Qf1 Bxf3 16. gxf3 c6 17. Bb2 Rd7 18. Rc1 Rad8 19. Na4 Ne8 20. Bxd4 Rxd4 21. Bc2
Nc7 22. Kh1 Ne6 23. Qg2 Rd2 24. Bb1 Qh4 25. Rf1 b6 26. Rc2 Rd1 27. Rc1 Rxc1 28.
Rxc1 Rd2 29. Rf1 Bf8 30. Qg4 Qxg4 31. fxg4 Bb4 32. Kg2 b5 33. cxb5 cxb5 34. Rc1
bxa4 35. bxa4 Kf7 36. Rc6 Rd6 37. Rc2 a5 38. h4 Ke7 39. Rb2 Rd2 40. Rxd2 Bxd2
41. Kf1 Nd4 42. Bd3 h6 43. Bc4 g5 44. hxg5 hxg5 45. Be2 Kd6 46. Bc4 Kc5 47. Bb3
Nxb3 48. axb3 Kb4 49. Ke2 Bc3 50. Kd1 Kxb3 51. Kc1 Kxa4 52. Kc2 Kb4 53. Kc1 a4
54. Kb1 Kb3 55. f3 a3 56. Kc1 a2 0-1

[Event "DEM U14w 2009"]
[Site "Willingen GER"]
[Date "2009.06.06"]
[Round "9"]
[White "Röhlich, Anna"]
[Black "Zeller, Elisa"]
[Result "1/2-1/2"]
[Termination "normal"]
[Board "9"]
[WhiteElo "1175"]
[BlackElo "1662"]
[PlyCount "93"]
[BlackFideId "24662410"]
[EventCountry "GER"]
[EventRounds "9"]
[EventType "swiss"]
[EventDate "2009.05.30"]

1. e4 e5 2. Nf3 Nc6 3. Bc4 Bc5 4. c3 Nf6 5. d4 exd4 6. cxd4 Bb4+ 7. Bd2 Bxd2+
8. Nbxd2 d5 9. exd5 Nxd5 10. O-O O-O 11. Re1 Nf6 12. Nb3 Bg4 13. Re3 Qd6 14.
Qd2 Rad8 15. Rd1 Qf4 16. a3 Bxf3 17. Rxf3 Qxd2 18. Rxd2 a5 19. Rfd3 b6 20. Rd1
Rd6 21. Nc1 Rfd8 22. Ne2 Na7 23. f3 b5 24. Ba2 c5 25. Kf2 Nc6 26. Ke3 c4 27.
R3d2 Nd5+ 28. Kf2 Re8 29. Nc3 Ne3 30. Re1 Rde6 31. Rde2 Nf5 32. Rxe6 fxe6 33.
Nxb5 Ncxd4 34. Nxd4 Nxd4 35. Bxc4 Kf7 36. Re4 Rd8 37. Ke3 Nf5+ 38. Kf4 Rd6 39.
Re5 Kf6 40. Re4 h5 41. h4 Nxh4 42. Kg3 Nf5+ 43. Kf2 e5 44. b4 axb4 45. axb4
Rd2+ 46. Re2 Rd4 47. Re4 1/2-1/2

[Event "DEM U14w 2009"]
[Site "Willingen GER"]
[Date "2009.06.06"]
[Round "9"]
[White "Spangenberg, Romy"]
[Black "Rahimi, Rozafa"]
[Result "1/2-1/2"]
[Termination "normal"]
[Board "10"]
[WhiteElo "1453"]
[BlackElo "1408"]
[PlyCount "39"]
[WhiteFideId "4627997"]
[BlackFideId "24692280"]
[EventCountry "GER"]
[EventRounds "9"]
[EventType "swiss"]
[EventDate "2009.05.30"]

1. e4 e5 2. Nf3 Nc6 3. d4 exd4 4. Nxd4 Nf6 5. Nxc6 bxc6 6. e5 Qe7 7. Qe2 Nd5 8.
c4 Ba6 9. b3 O-O-O 10. Bb2 Qg5 11. Nd2 Bc5 12. g3 Rhe8 13. O-O-O f6 14. Qf3 Nb6
15. exf6 Rf8 16. Bd3 Qh6 17. f7 Qe6 18. Rhe1 Qxf7 19. Qxf7 Rxf7 20. f4 1/2-1/2

[Event "DEM U14w 2009"]
[Site "Willingen GER"]
[Date "2009.06.06"]
[Round "9"]
[White "Schäfer, Ann-Kathrin"]
[Black "Lange, Anika"]
[Result "1/2-1/2"]
[Termination "normal"]
[Board "11"]
[WhiteElo "1647"]
[BlackElo "1275"]
[PlyCount "49"]
[WhiteFideId "24615412"]
[BlackFideId "24693405"]
[EventCountry "GER"]
[EventRounds "9"]
[EventType "swiss"]
[EventDate "2009.05.30"]

1. e4 c5 2. d4 cxd4 3. c3 d5 4. exd5 Qxd5 5. cxd4 Nc6 6. Nf3 Bg4 7. Be2 e6 8.
O-O Nf6 9. Nc3 Qd8 10. Bf4 Be7 11. Qd2 O-O 12. Rfd1 Re8 13. h3 Bh5 14. Rac1 Rc8
15. d5 exd5 16. Nxd5 Nxd5 17. Qxd5 Qxd5 18. Rxd5 Bf6 19. Bd3 Bxf3 20. gxf3 Nb4
21. Rxc8 Rxc8 22. Rd7 Nxd3 23. Rxd3 Rc2 24. Be5 a6 25. Bxf6 1/2-1/2

[Event "DEM U14w 2009"]
[Site "Willingen GER"]
[Date "2009.06.06"]
[Round "9"]
[White "Ludwig, Maria"]
[Black "Liez, Franziska"]
[Result "1-0"]
[Termination "normal"]
[Board "12"]
[WhiteElo "887"]
[BlackElo "1037"]
[PlyCount "45"]
[WhiteFideId "24655791"]
[BlackFideId "1271766"]
[EventCountry "GER"]
[EventRounds "9"]
[EventType "swiss"]
[EventDate "2009.05.30"]

1. e4 e5 2. Nf3 Nc6 3. Bc4 Nf6 4. d3 Bc5 5. Nc3 d6 6. Be3 Bb6 7. Qd2 Na5 8.
O-O-O Bg4 9. h3 Bxf3 10. gxf3 c6 11. a3 Bc7 12. Ba2 b5 13. Rdg1 Rg8 14. f4 d5
15. exd5 cxd5 16. d4 exd4 17. Bxd4 a6 18. Bxf6 Qxf6 19. Nxd5 Qc6 20. Nxc7+ Qxc7
21. Re1+ Kf8 22. Qb4+ Qe7 23. Qxe7# 1-0

[Event "DEM U14w 2009"]
[Site "Willingen GER"]
[Date "2009.06.06"]
[Round "9"]
[White "Puffay, Jana"]
[Black "Schünemann, Anne"]
[Result "1-0"]
[Termination "normal"]
[Board "13"]
[WhiteElo "1204"]
[BlackElo "1102"]
[PlyCount "73"]
[WhiteFideId "24692360"]
[EventCountry "GER"]
[EventRounds "9"]
[EventType "swiss"]
[EventDate "2009.05.30"]

1. e4 c6 2. Nf3 d5 3. exd5 cxd5 4. Ne5 a6 5. d4 Nc6 6. Nd2 Nxe5 7. dxe5 e6 8.
Bd3 Ne7 9. O-O Ng6 10. Qh5 Be7 11. Nf3 b5 12. Re1 Bb7 13. Bg5 d4 14. Bxe7 Bxf3
15. Qxf3 Qxe7 16. Qxa8+ Qd8 17. Qxa6 O-O 18. Qxb5 Qg5 19. Bxg6 fxg6 20. Qe2 Rf5
21. a4 Qh6 22. a5 Rh5 23. h3 Rg5 24. Qf3 Rf5 25. Qxf5 gxf5 26. a6 Kf7 27. a7
Kg6 28. a8=Q Qg5 29. Qe8+ Kh6 30. Qxe6+ Kh5 31. Qf7+ Kh6 32. Ra6+ g6 33. Ra7
Qd2 34. Qxh7+ Kg5 35. h4+ Kf4 36. Qh6+ Kg4 37. Qxd2 1-0

[Event "DEM U12/U12w 2009"]
[Site "Willingen GER"]
[Date "2009.05.31"]
[Round "1"]
[White "Svane, Rasmus"]
[Black "Wendland, Tobias"]
[Result "1-0"]
[Termination "normal"]
[Board "1"]
[WhiteElo "2034"]
[BlackElo "1622"]
[PlyCount "127"]
[WhiteFideId "4657101"]
[BlackFideId "24662267"]
[EventCountry "GER"]
[EventRounds "11"]
[EventType "swiss"]
[EventDate "2009.05.30"]

1. e4 e6 2. d4 d5 3. Nd2 Nf6 4. e5 Nfd7 5. f4 c5 6. c3 Nc6 7. Ndf3 Qb6 8. g3
cxd4 9. cxd4 Bb4+ 10. Kf2 g5 11. Nxg5 Qxd4+ 12. Qxd4 Nxd4 13. Bd3 h6 14. N5f3
Nc6 15. Be3 Be7 16. Ne2 Nc5 17. Bb1 Nb4 18. Rd1 Bd7 19. Ned4 Nc6 20. Bc2 O-O-O
21. Rac1 Kb8 22. a3 a5 23. Nb5 Rhf8 24. Nd6 Na6 25. Bb6 Bxd6 26. exd6 Rc8 27.
Bd3 f6 28. Rd2 e5 29. Bxa6 bxa6 30. Rxd5 Kb7 31. Bc7 exf4 32. gxf4 f5 33. Rdc5
a4 34. Nd2 Nd4 35. R5c4 Ne6 36. Nf3 Rf7 37. Ne5 Rg7 38. Nxd7 Rxd7 39. Rb4+ Ka8
40. Rc6 Nxc7 41. dxc7 Ka7 42. Rxa4 Rdxc7 43. Raxa6+ Kb8 44. Rab6+ Rb7 45. Rxc8+
Kxc8 46. Rxb7 Kxb7 47. Kg3 Kb6 48. Kh4 Kb5 49. Kh5 Ka4 50. Kxh6 Kb3 51. Kg5 Ka4
52. h4 Kb3 53. h5 Ka4 54. h6 Kb3 55. h7 Ka2 56. h8=Q Ka1 57. b4+ Ka2 58. Qc3
Kb1 59. Qd2 Ka1 60. Kxf5 Kb1 61. Ke4 Ka1 62. Kd3 Kb1 63. Kc3 Ka1 64. Qb2# 1-0

[Event "DEM U12/U12w 2009"]
[Site "Willingen GER"]
[Date "2009.05.31"]
[Round "1"]
[White "Lagunow, Elina"]
[Black "Blübaum, Matthias"]
[Result "0-1"]
[Termination "normal"]
[Board "2"]
[WhiteElo "1726"]
[BlackElo "2051"]
[PlyCount "50"]
[WhiteFideId "4673387"]
[BlackFideId "24651516"]
[EventCountry "GER"]
[EventRounds "11"]
[EventType "swiss"]
[EventDate "2009.05.30"]

1. Nf3 Nf6 2. g3 d5 3. Bg2 Bg4 4. c4 e6 5. O-O c6 6. Qa4 Nbd7 7. d3 Bd6 8. h3
Bh5 9. Bd2 Qe7 10. cxd5 exd5 11. Nc3 O-O 12. a3 Rfe8 13. Rfc1 Ne5 14. Nd4 Bg6
15. b4 Ned7 16. b5 c5 17. Nc2 d4 18. Nd5 Nxd5 19. Bxd5 Nb6 20. Qb3 Qxe2 21. Ba5
Nxd5 22. Qxd5 Bf8 23. Qxb7 Bxd3 24. Ra2 Be4 25. Qc7 Qf3 0-1

[Event "DEM U12/U12w 2009"]
[Site "Willingen GER"]
[Date "2009.05.31"]
[Round "1"]
[White "Wagner, Dennis"]
[Black "Peters, Tom"]
[Result "1-0"]
[Termination "normal"]
[Board "3"]
[WhiteElo "2024"]
[BlackElo "1528"]
[PlyCount "93"]
[WhiteFideId "24650684"]
[BlackFideId "24694444"]
[EventCountry "GER"]
[EventRounds "11"]
[EventType "swiss"]
[EventDate "2009.05.30"]

1. e4 c5 2. Nc3 Nc6 3. Bb5 g6 4. Bxc6 bxc6 5. d3 Bg7 6. f4 d6 7. Nf3 Nf6 8. O-O
O-O 9. Qe1 Nd7 10. f5 Ne5 11. Qh4 d5 12. Bh6 Nxf3+ 13. Rxf3 f6 14. Bxg7 Kxg7
15. Rh3 Rh8 16. Qh6+ Kg8 17. Rg3 Qf8 18. Qxf8+ Kxf8 19. fxg6 hxg6 20. Rxg6 Kf7
21. Rg3 e6 22. h3 c4 23. dxc4 dxc4 24. Rd1 Rb8 25. b3 cxb3 26. cxb3 e5 27. Na4
Rh4 28. Nc5 Rb5 29. Rc3 Ke7 30. g4 Rh8 31. Kg2 a5 32. Kg3 Rd8 33. Rxd8 Kxd8 34.
Nd3 Bb7 35. Nc5 Bc8 36. Kh4 Ke7 37. Rc4 Rb4 38. Kg3 Rxc4 39. bxc4 Kf7 40. Kf3
Kg7 41. a4 Kg6 42. Nb3 Bd7 43. c5 Kg5 44. Kg3 Kg6 45. Nxa5 Kf7 46. Nc4 Ke7 47.
Nb6 1-0

[Event "DEM U12/U12w 2009"]
[Site "Willingen GER"]
[Date "2009.05.31"]
[Round "1"]
[White "Sabirov, Ramil"]
[Black "Lampert, Jonas"]
[Result "0-1"]
[Termination "normal"]
[Board "4"]
[WhiteElo "1518"]
[BlackElo "1977"]
[PlyCount "142"]
[WhiteFideId "12900303"]
[BlackFideId "1303759"]
[EventCountry "GER"]
[EventRounds "11"]
[EventType "swiss"]
[EventDate "2009.05.30"]

1. e4 e5 2. Nf3 Nc6 3. Bb5 a6 4. Bxc6 dxc6 5. d3 Bd6 6. O-O c5 7. Nbd2 Ne7 8.
Nc4 f6 9. a4 Be6 10. Ne3 O-O 11. b3 Nc6 12. c3 Qe8 13. Nh4 Qf7 14. Rb1 Na5 15.
Nc4 Nxc4 16. bxc4 b6 17. Nf5 Bxf5 18. exf5 a5 19. Qc2 Qh5 20. Re1 Qxf5 21. Be3
Rae8 22. f3 Qh5 23. Bf2 f5 24. Bg3 f4 25. Bf2 Qg6 26. Re2 Re6 27. Be1 Rfe8 28.
Re4 Qh5 29. Qf2 Rh6 30. h3 Rg6 31. Kh2 Qf5 32. Bd2 Ree6 33. Rh1 Rg3 34. Kg1
Reg6 35. Rh2 Rxh3 36. Rxh3 Qxh3 37. Be1 Qd7 38. Qc2 Re6 39. Qe2 Kf7 40. Bd2 g5
41. g3 Rh6 42. g4 Qxa4 43. Kg2 Qd7 44. Qe1 a4 45. Qa1 Rh4 46. Qd1 Qc6 47. Be1
Rh6 48. Bf2 Re6 49. Qe2 Re8 50. Qe1 a3 51. Qh1 Kg7 52. Qh5 h6 53. Re1 Bf8 54.
d4 Qg6 55. Qxg6+ Kxg6 56. dxe5 Bg7 57. Ra1 Ra8 58. Be1 Bxe5 59. Ra2 Bf6 60. Bd2
c6 61. Kh2 b5 62. Kg2 Ra4 63. Kh2 b4 64. cxb4 cxb4 65. Bxb4 Rxb4 66. Rxa3 Rxc4
67. Ra6 Rc2+ 68. Kg1 c5 69. Rc6 c4 70. Kf1 c3 71. Kg1 Ra2 0-1

[Event "DEM U12/U12w 2009"]
[Site "Willingen GER"]
[Date "2009.05.31"]
[Round "1"]
[White "Xu, Xianliang"]
[Black "Gröning, Finn Jonathan"]
[Result "1-0"]
[Termination "normal"]
[Board "5"]
[WhiteElo "1921"]
[BlackElo "1513"]
[PlyCount "49"]
[WhiteFideId "4603230"]
[BlackFideId "1271634"]
[EventCountry "GER"]
[EventRounds "11"]
[EventType "swiss"]
[EventDate "2009.05.30"]

1. e4 c6 2. d4 d5 3. f3 e6 4. Nc3 Bb4 5. Qd3 b6 6. Be2 Ba6 7. Qe3 Bxe2 8. Ngxe2
dxe4 9. fxe4 Nf6 10. Bd2 O-O 11. a3 Be7 12. O-O-O c5 13. dxc5 Bxc5 14. Qg3 Qe7
15. e5 Nh5 16. Qh3 g6 17. g4 Ng7 18. Ne4 h5 19. Bg5 Qc7 20. Nf6+ Kh8 21. gxh5
gxh5 22. Nxh5 Rc8 23. Nxg7+ Kxg7 24. Bf6+ Kg6 25. Nf4# 1-0

[Event "DEM U12/U12w 2009"]
[Site "Willingen GER"]
[Date "2009.05.31"]
[Round "1"]
[White "Peil, Christoph"]
[Black "Huckebrink, Chris"]
[Result "1/2-1/2"]
[Termination "normal"]
[Board "7"]
[WhiteElo "1756"]
[BlackElo "1489"]
[PlyCount "121"]
[WhiteFideId "24651800"]
[EventCountry "GER"]
[EventRounds "11"]
[EventType "swiss"]
[EventDate "2009.05.30"]

1. e4 e6 2. d4 d5 3. Nc3 Bb4 4. e5 c5 5. a3 Bxc3+ 6. bxc3 c4 7. Qg4 Kf8 8. h4
Qa5 9. Ne2 Nc6 10. h5 Nge7 11. g3 Nf5 12. Bd2 Qa4 13. Ra2 b5 14. Bh3 a5 15. O-O
b4 16. Rb1 Rb8 17. Qf3 Nfe7 18. h6 g6 19. Qf6 Rg8 20. Nf4 Ke8 21. Rba1 b3 22.
cxb3 Qxb3 23. Bg4 a4 24. Nh3 Qb7 25. Ng5 Nf5 26. Bxf5 gxf5 27. Nxh7 Ne7 28. Ng5
Ng6 29. Kg2 Qe7 30. h7 Rh8 31. Qg7 Qf8 32. Qf6 Qe7 33. Rh1 Qxf6 34. exf6 Nf8
35. Raa1 Rb2 36. Bf4 Rc2 37. Rab1 Nd7 38. Rb4 Rxc3 39. Rxa4 Bb7 40. Ra7 Rb3 41.
a4 e5 42. dxe5 d4+ 43. f3 Nc5 44. Ra5 Ne6 45. Rb5 Rxb5 46. axb5 Nc5 47. Kf2 Ne6
48. Rc1 Bd5 49. b6 Nxg5 50. Bxg5 Rxh7 51. Bh4 Kd7 52. Rd1 d3 53. Ke3 Rh8 54.
Rb1 Rb8 55. g4 fxg4 56. fxg4 Kc6 57. Be1 Rxb6 58. Rxb6+ Kxb6 59. Kd4 Be6 60. g5
Kb5 61. Bd2 1/2-1/2

[Event "DEM U12/U12w 2009"]
[Site "Willingen GER"]
[Date "2009.05.31"]
[Round "1"]
[White "Fell, Fabian"]
[Black "Schröder, Jan-Christian"]
[Result "1/2-1/2"]
[Termination "normal"]
[Board "8"]
[WhiteElo "1488"]
[BlackElo "1820"]
[PlyCount "65"]
[WhiteFideId "24698873"]
[BlackFideId "24662259"]
[EventCountry "GER"]
[EventRounds "11"]
[EventType "swiss"]
[EventDate "2009.05.30"]

1. e4 e5 2. Nf3 Nc6 3. Bc4 Nf6 4. d4 exd4 5. O-O Nxe4 6. Re1 d5 7. Bxd5 Qxd5 8.
Nc3 Qh5 9. Nxe4 Be6 10. Neg5 O-O-O 11. Nxe6 fxe6 12. Rxe6 Bd6 13. h3 Rhf8 14.
Qe2 Qf7 15. Bg5 Rde8 16. Re1 Kd7 17. Rxe8 Rxe8 18. Qxe8+ Qxe8 19. Rxe8 Kxe8 20.
Kf1 h6 21. Bd2 Kf7 22. Ke2 Ke6 23. Kd3 Ne5+ 24. Nxe5 Kxe5 25. c4 c5 26. f4+ Ke6
27. Ke4 g6 28. g4 h5 29. g5 Bc7 30. h4 a6 31. a4 b6 32. b3 Bd8 33. Be1 1/2-1/2

[Event "DEM U12/U12w 2009"]
[Site "Willingen GER"]
[Date "2009.05.31"]
[Round "1"]
[White "Schuhmacher, Jakob"]
[Black "Bajorski, Maria Sophie"]
[Result "1/2-1/2"]
[Termination "normal"]
[Board "9"]
[WhiteElo "1650"]
[BlackElo "1485"]
[PlyCount "118"]
[WhiteFideId "4612787"]
[BlackFideId "24654531"]
[EventCountry "GER"]
[EventRounds "11"]
[EventType "swiss"]
[EventDate "2009.05.30"]

1. d4 d5 2. Nf3 e6 3. c4 c5 4. cxd5 exd5 5. Nc3 Nf6 6. Bg5 Be6 7. e3 Nc6 8. Be2
h6 9. Bxf6 Qxf6 10. dxc5 Bxc5 11. O-O Qd8 12. Rc1 Bb6 13. Nb5 O-O 14. Nbd4 Rc8
15. Nxc6 bxc6 16. b4 Qd6 17. a3 Rfd8 18. Nd4 a5 19. bxa5 Bxa5 20. Ba6 Rc7 21.
Qa4 Bb6 22. Rxc6 Rxc6 23. Nxc6 Ra8 24. Qb5 Bc7 25. g3 Bd7 26. Bb7 Ra5 27. Qb4
Bxc6 28. Qxd6 Bxd6 29. Bxc6 Rc5 30. Bd7 Rc7 31. Bh3 Be5 32. Rd1 d4 33. exd4 Bd6
34. d5 Ra7 35. Rd3 Rxa3 36. Rxa3 Bxa3 37. Kg2 Kf8 38. Kf3 Ke7 39. Bc8 Bd6 40.
Ke4 Bc5 41. f4 Kf6 42. h3 g5 43. fxg5+ hxg5 44. Kf3 Ke5 45. Kg4 f6 46. Be6 Be3
47. h4 gxh4 48. gxh4 f5+ 49. Kh5 f4 50. Kg4 Bc5 51. h5 Bf8 52. Kf3 Bh6 53. Kg4
Bf8 54. Kf3 Bh6 55. Bg8 Bg5 56. Kg4 Bh6 57. Bf7 Bg7 58. Bg8 Bh6 59. Be6 Bf8
1/2-1/2